000 01341nmc a2200433 a 4500
003 AR-BaBNM
005 20251128205530.0
008 011101s1996 ||||||||||||||000 | spa||
020 _a987-9116-16-X
040 _cAR-BaBNM
100 1 _aDido, Juan Carlos
245 1 0 _aTaller de periodismo
_b150 actividades : propuestas didácticas para EGB 3 y polimodal
250 _a1ª ed.
260 _aBuenos Aires
_bEdiciones Novedades Educativas
_c1996
300 _a170 p.
_btablas
490 0 _aRecursos didácticos
500 _aApéndices: Vocabulario periodístico: p. 162-165
500 _aFotoperiodismo: p. 165-166
500 _aInfografías: p. 167
500 _aHumor y medios de comunicación: p. 168-169
504 _aContiene: Bibliografía general
504 _aBibliografía específica sobre radio
504 _aBibliografía específica sobre televisión
521 _aEGB 3
650 4 _aPERIODISMO
650 4 _aMETODOS DE ENSENANZA
650 4 _aTALLERES [METODO PEDAGOGICO]
650 4 _aNOTICIAS PERIODISTICAS
650 4 _aMEDIOS DE COMUNICACION
650 4 _aPERIODICOS
650 4 _aHUMOR
650 4 _aTELEVISION
650 4 _aRADIO
650 4 _aPROGRAMAS DE TELEVISION
650 4 _aPRODUCCION TELEVISIVA
653 _aTERCER CICLO DE LA EGB
942 _cBK
998 _cSILVI
999 _c11774
_d11774